000 01352nam a2200361Ia 4500
001 ebr10515871
003 CaPaEBR
006 m u
007 cr cn|||||||||
008 110331s2012 enka sb 001 0 eng d
010 _z 2011012030
020 _z9781444338867
020 _z9781444338874
020 _z9781444345032
040 _aCaPaEBR
_cCaPaEBR
035 _a(OCoLC)768731723
050 1 4 _aGB401.5
_b.B86 2012eb
082 0 4 _a551.41
_222
100 1 _aBurbank, Douglas West.
245 1 0 _aTectonic geomorphology
_h[electronic resource] /
_cDouglas W. Burbank and Robert S. Anderson.
250 _a2nd ed.
260 _aChichester, West Sussex ;
_aHoboken, NJ :
_bJ. Wiley & Sons,
_cc2012.
300 _axiv, 454 p. :
_bill.
504 _aIncludes bibliographical references and index.
533 _aElectronic reproduction.
_bPalo Alto, Calif. :
_cebrary,
_d2011.
_nAvailable via World Wide Web.
_nAccess may be limited to ebrary affiliated libraries.
650 0 _aGeomorphology.
650 0 _aGeology, Structural.
655 7 _aElectronic books.
_2local
700 1 _aAnderson, Robert S.
_q(Robert Stewart),
_d1952-
700 1 _aAnderson, Robert S.
710 2 _aebrary, Inc.
856 4 0 _uhttp://site.ebrary.com/lib/rucke/Doc?id=10515871
_zAn electronic book accessible through the World Wide Web; click to view
999 _c224726
_d224726